ბათუმის შოთა რუსთაველის სახელმწიფო უნივერსიტეტის ბიბლიოთეკა

საერთაშორისო სამეცნიერო კონფერენცია ,, კავკასიის არქეოლოგია (IV) და ეთნოლოგია (III) " = Международная научная конференция ,, Археология (IV) и Этнологя (III) " : მოხსენებათა მოკლე შინაარსების კრებული / (ბიბ.ჩანაწერი № 61225)

000 -LEADER
fixed length control field 02281nam a2200205 4500
003 - CONTROL NUMBER IDENTIFIER
control field Ge_BSU
005 - DATE AND TIME OF LATEST TRANSACTION
control field 20240109133832.0
008 - FIXED-LENGTH DATA ELEMENTS--GENERAL INFORMATION
fixed length control field 240109s2002 ge ||||| |||| 00| 0 rus d
020 ## - INTERNATIONAL STANDARD BOOK NUMBER
International Standard Book Number 9992858583
041 ## - LANGUAGE CODE
Language code of text/sound track or separate title rus
080 ## - UNIVERSAL DECIMAL CLASSIFICATION NUMBER
Universal Decimal Classification number 902(479) ს-12
245 ## - TITLE STATEMENT
Title საერთაშორისო სამეცნიერო კონფერენცია ,, კავკასიის არქეოლოგია (IV) და ეთნოლოგია (III) " = Международная научная конференция ,, Археология (IV) и Этнологя (III) " : მოხსენებათა მოკლე შინაარსების კრებული /
Statement of responsibility, etc. საქართველოს მეცნიერებათა აკადემია; კავკასიის ქვეყნებთან სამეცნიერო თანამშრომლობის კომისია. საქართველოს არქეოლოგიური კომისია. საქართველოს ეთნოლოგიური კომისია. არქეოლოგიური კვლევის ცენტრი. მცხეთის არქეოლოგიის ინსტიტუტი.
264 ## - PRODUCTION, PUBLICATION, DISTRIBUTION, MANUFACTURE, AND COPYRIGHT NOTICE
Place of production, publication, distribution, manufacture თბილისი :
Name of producer, publisher, distributor, manufacturer ნეკერი,
Date of production, publication, distribution, manufacture, or copyright notice 2002.
300 ## - PHYSICAL DESCRIPTION
Extent 322 გვ.:
Other physical details ილ.;
Dimensions 21 სმ.
521 ## - TARGET AUDIENCE NOTE
Target audience note წიგნი არის რუსულ ენაზე
653 ## - INDEX TERM--UNCONTROLLED
keyword კავკასიის არქეოლოგია
653 ## - INDEX TERM--UNCONTROLLED
keyword ეთნოლოგია
710 ## - ADDED ENTRY--CORPORATE NAME
Corporate name or jurisdiction name as entry element საქართველოს მეცნიერებათა აკადემია
Date of meeting or treaty signing კავკასიის ქვეყნებთან სამეცნიერო თანამშრომლობის კომისია. საქართველოს არქეოლოგიური კომისია. საქართველოს ეთნოლოგიური კომისია. არქეოლოგიური კვლევის ცენტრი. მცხეთის არქეოლოგიის ინსტიტუტი.
9 (RLIN) 20976
942 ## - ADDED ENTRY ELEMENTS (KOHA)
Source of classification or shelving scheme
Koha item type წიგნი
ეგზემპლარები
Withdrawn status Lost status Source of classification or shelving scheme Damaged status Not for loan Permanent Location Current Location Shelving location Date acquired Cost, normal purchase price Full call number Barcode Date last seen Copy number Uniform Resource Identifier Price effective from Koha item type Public note
          ბათუმის შოთა რუსთაველის სახელმწიფო უნივერსიტეტის მთავარი ბიბლიოთეკა ბათუმის შოთა რუსთაველის სახელმწიფო უნივერსიტეტის მთავარი ბიბლიოთეკა წიგნსაცავი 2024-01-09 8.00 902(479) ს-12 65741 2024-01-09 65741 ბსუ-ს საპატიო დოქტორის გურამ ლორთქიფანიძის საჩუქარი 2024-01-09 წიგნი 8 ლ.